[Event "Campeonato Estadual Absoluto do Rio de Janeiro 2022"]
[Site "TTC R Conde de Bomfim 451 Salao de Xadrez"]
[Date "2022.07.23"]
[Round "2"]
[Board "12"]
[White "Silva, Marcelo Dos Santos"]
[Black "Bastos, Gabriel Andrade"]
[Result "1/2-1/2"]
[WhiteElo "1921"]
[BlackElo "1818"]
[PlyCount "63"]
[EventDate "2022.07.23"]
[EventRounds "6"]
[EventCountry "BRA"]

1. c4 Nf6 2. d4 g6 3. Nc3 Bg7 4. e4 O-O 5. f4 d6 6. Bd3 c5 7. d5 e6 8. dxe6
Bxe6 9. Nf3 Nc6 10. O-O Bg4 11. h3 Bxf3 12. Qxf3 Nd4 13. Qf2 a6 14. f5 b5 15.
fxg6 fxg6 16. Bg5 Qd7 17. Qh4 b4 18. Bxf6 bxc3 19. bxc3 Nc6 20. Bc2 Qe6 21.
Bxg7 Kxg7 22. Ba4 Ne5 23. Rab1 Rxf1+ 24. Rxf1 Ra7 25. Qd8 Rf7 26. Rxf7+ Nxf7
27. Qa8 Qxc4 28. Bb3 Qxc3 29. Bd5 Qd4+ 30. Kh1 Qa1+ 31. Kh2 Qe5+ 32. Kh1
 1/2-1/2

[Event "Campeonato Estadual Absoluto do Rio de Janeiro 2022"]
[Site "TTC R Conde de Bomfim 451 Salao de Xadrez"]
[Date "2022.07.23"]
[Round "2"]
[Board "13"]
[White "Baeta, Marcio Netto"]
[Black "Lima, Stefan Moisei Vieira"]
[Result "0-1"]
[WhiteElo "1825"]
[BlackElo "1917"]
[PlyCount "108"]
[EventDate "2022.07.23"]
[EventRounds "6"]
[EventCountry "BRA"]

1. d4 Nf6 2. c4 g6 3. Nc3 d5 4. cxd5 Nxd5 5. e4 Nxc3 6. bxc3 c5 7. Be3 Bg7 8.
Bc4 O-O 9. Ne2 Nc6 10. O-O Bg4 11. f3 Na5 12. Bxf7+ Rxf7 13. fxg4 Rxf1+ 14.
Kxf1 Qd6 15. e5 Qd5 16. Kg1 Nc4 17. Bg5 Rf8 18. Ng3 cxd4 19. cxd4 e6 20. Ne2 h6
21. Nc3 Qd7 22. Bc1 Rd8 23. g5 h5 24. Ne4 Bxe5 25. Nf6+ Bxf6 26. gxf6 Qxd4+ 27.
Qxd4 Rxd4 28. Bh6 Kf7 29. Bg7 Rd7 30. Rc1 b5 31. a4 a6 32. axb5 axb5 33. Ra1 e5
34. Ra8 Rb7 35. Rf8+ Ke6 36. Re8+ Kf5 37. Re7 Rxe7 38. fxe7 Nd6 39. Bf8 Ke6 40.
Kf2 Kf7 41. Kf3 Nf5 42. e8=Q+ Kxe8 43. Bb4 Kf7 44. g4 hxg4+ 45. Kxg4 Ne3+ 46.
Kg5 Nd5 47. Ba3 b4 48. Bb2 e4 49. Kg4 b3 50. Kg3 Nb4 51. Ba3 Nd3 52. h4 Ke6 53.
Kg4 Kf6 54. Kg3 Kf5  0-1

[Event "Campeonato Estadual Absoluto do Rio de Janeiro 2022"]
[Site "TTC R Conde de Bomfim 451 Salao de Xadrez"]
[Date "2022.07.24"]
[Round "3"]
[Board "1"]
[White "Dias, Matheus Braga"]
[Black "Rangel, Daniel"]
[Result "0-1"]
[WhiteElo "1851"]
[BlackElo "2189"]
[PlyCount "82"]
[EventDate "2022.07.23"]
[EventRounds "6"]
[EventCountry "BRA"]

1. e4 c5 2. c4 Nc6 3. Ne2 g6 4. d4 cxd4 5. Nxd4 Bg7 6. Be3 Nf6 7. Nc3 O-O 8.
Be2 d6 9. O-O Bd7 10. Qd2 Nxd4 11. Bxd4 Bc6 12. f3 Nd7 13. Bxg7 Kxg7 14. Qd4+
Kg8 15. Nd5 Bxd5 16. cxd5 a5 17. f4 Nc5 18. Rad1 Qb6 19. g4 Qb4 20. Bf3 Rfc8
21. e5 Na4 22. Qxb4 axb4 23. Rd4 Nc5 24. exd6 exd6 25. Rxb4 Rxa2 26. Rb6 Raa8
27. Rb4 Ra2 28. Rb6 Ra6 29. Rb5 Rc7 30. Rc1 Re7 31. Rc3 Kg7 32. b4 Ra2 33. Bg2
Re1+ 34. Bf1 Ne4 35. Rf3 Raa1 36. f5 Nd2 37. f6+ Kh6 38. Rh3+ Kg5 39. Rxh7
Rxf1+ 40. Kg2 Ne4 41. Ra5 Rf2+  0-1

[Event "Campeonato Estadual Absoluto do Rio de Janeiro 2022"]
[Site "TTC R Conde de Bomfim 451 Salao de Xadrez"]
[Date "2022.07.24"]
[Round "3"]
[Board "2"]
[White "Fernandes, Felipe Gambini"]
[Black "Soares, Joao Carlos T. C."]
[Result "1/2-1/2"]
[WhiteElo "1792"]
[BlackElo "2101"]
[PlyCount "78"]
[EventDate "2022.07.23"]
[EventRounds "6"]
[EventCountry "BRA"]

1. d4 Nf6 2. c4 e6 3. Nf3 d5 4. Nc3 Be7 5. Bg5 O-O 6. e3 h6 7. Bh4 Ne4 8. Bxe7
Qxe7 9. Bd3 Nxc3 10. bxc3 Nd7 11. O-O e5 12. Be2 dxc4 13. Bxc4 c5 14. Qb3 cxd4
15. cxd4 exd4 16. exd4 Nb6 17. Rfe1 Qf6 18. Rab1 Bf5 19. Bd3 Be6 20. Qb2 Bd5
21. Ne5 Qh4 22. g3 Qf6 23. Be4 Rfd8 24. Rbc1 Bxe4 25. Rxe4 Qd6 26. Qb3 Qd5 27.
Rc7 f6 28. Nf3 Qxb3 29. axb3 Rd7 30. Re7 Rxe7 31. Rxe7 Rb8 32. Kf1 Kf8 33. Rc7
Nd5 34. Rd7 Ne7 35. Ke2 Ke8 36. Rc7 Kd8 37. Rc1 Kd7 38. Kd3 Kd6 39. Nd2 Rc8
 1/2-1/2

[Event "Campeonato Estadual Absoluto do Rio de Janeiro 2022"]
[Site "TTC R Conde de Bomfim 451 Salao de Xadrez"]
[Date "2022.07.24"]
[Round "3"]
[Board "3"]
[White "Guimaraes, Wagner Peixoto"]
[Black "Ramos, Angelo Bil"]
[Result "1-0"]
[WhiteElo "2195"]
[BlackElo "1996"]
[PlyCount "57"]
[EventDate "2022.07.23"]
[EventRounds "6"]
[EventCountry "BRA"]

1. d4 d5 2. c4 e6 3. Nf3 Nf6 4. g3 Be7 5. Bg2 O-O 6. O-O dxc4 7. Qc2 a6 8. Qxc4
b5 9. Qc2 Bb7 10. Bg5 Nbd7 11. Nbd2 c5 12. Bxf6 Bxf6 13. dxc5 Rc8 14. Nb3 Qe7
15. Ng5 Bxg5 16. Bxb7 Rc7 17. c6 Nb8 18. Rfd1 Bf6 19. Rac1 Qb4 20. Qd2 Qxd2 21.
Rxd2 Bg5 22. e3 Be7 23. Kg2 g6 24. Nc5 a5 25. Nb3 Bb4 26. Rd4 Nxc6 27. Bxc6
Rfc8 28. a3 e5 29. Rd5  1-0

[Event "Campeonato Estadual Absoluto do Rio de Janeiro 2022"]
[Site "TTC R Conde de Bomfim 451 Salao de Xadrez"]
[Date "2022.07.24"]
[Round "3"]
[Board "4"]
[White "Rodrigues, Nei Jorge"]
[Black "Damasceno, Enzo De Carvalho"]
[Result "0-1"]
[WhiteElo "1850"]
[BlackElo "1914"]
[PlyCount "132"]
[EventDate "2022.07.23"]
[EventRounds "6"]
[EventCountry "BRA"]

1. d4 d5 2. c4 c6 3. Nf3 Nf6 4. Nc3 e6 5. e3 Nbd7 6. cxd5 exd5 7. Be2 Bd6 8.
O-O O-O 9. a3 a5 10. b3 Re8 11. Bb2 Qe7 12. Qc2 Ne4 13. Bd3 Ndf6 14. Ne2 Bg4
15. Ng3 Nd7 16. Rfe1 h5 17. Bxe4 dxe4 18. Nd2 Nf6 19. f3 Bxg3 20. hxg3 Bf5 21.
Rac1 Nd5 22. f4 Qe6 23. Nb1 Qg6 24. Qf2 Be6 25. Nd2 Ne7 26. Rc3 Bd5 27. Nc4 Nf5
28. Kh2 f6 29. Nb6 Rad8 30. a4 Qf7 31. Rc5 Nh6 32. Qd2 Ng4+ 33. Kg1 Bxb3 34.
Qxa5 Bd5 35. Qd2 f5 36. Rec1 Qe7 37. Qe1 Nf6 38. Ba3 Qe6 39. Bb4 Nd7 40. Nxd5
Nxc5 41. Nc7 Qf7 42. Nxe8 Nd3 43. Qc3 Nxc1 44. Qxc1 Qxe8 45. Bc5 Rc8 46. Qc2
Qf7 47. Bb6 Re8 48. a5 Re6 49. Kf2 Rd6 50. Qe2 Rh6 51. a6 bxa6 52. Qxa6 Kh7 53.
Bc5 Qg6 54. Be7 Qg4 55. Qa2 Rg6 56. Bh4 Rd6 57. Qc2 Qg6 58. Be7 Rd5 59. Bc5 Rd7
60. Qb3 Qf7 61. Qa4 Qe6 62. Qd1 Qg6 63. Qb1 Qf7 64. Bb6 Qe7 65. Qd1 Rb7 66. Kg1
h4  0-1

[Event "Campeonato Estadual Absoluto do Rio de Janeiro 2022"]
[Site "TTC R Conde de Bomfim 451 Salao de Xadrez"]
[Date "2022.07.24"]
[Round "3"]
[Board "5"]
[White "Petrenko, Willy"]
[Black "Mascarenhas, Alberto Pinheiro"]
[Result "0-1"]
[WhiteElo "1877"]
[BlackElo "2175"]
[PlyCount "102"]
[EventDate "2022.07.23"]
[EventRounds "6"]
[EventCountry "BRA"]

1. e4 c5 2. Nf3 Nc6 3. g3 g6 4. Bg2 Bg7 5. O-O d6 6. h3 e6 7. d3 Nge7 8. c4 O-O
9. Nc3 h6 10. Bd2 a6 11. Qc1 Kh7 12. Rb1 Rb8 13. a3 b5 14. Ne2 b4 15. Nh2 f5
16. f4 e5 17. Nf3 Be6 18. Kh2 bxa3 19. b3 Nb4 20. Qxa3 Nxd3 21. exf5 gxf5 22.
fxe5 dxe5 23. Bc3 Qb6 24. Nd2 Nb4 25. Qb2 Nbc6 26. Nf3 Nd4 27. Bxd4 cxd4 28.
Qa3 Nc6 29. Qd6 Nb4 30. Qe7 Rbe8 31. Qb7 Qxb7 32. Ng5+ hxg5 33. Bxb7 e4 34. Ng1
Rb8 35. Bd5 Nxd5 36. cxd5 Bxd5 37. b4 Bc4 38. Rfc1 Rbc8 39. Kg2 d3 40. g4 f4
41. h4 f3+ 42. Kf2 Bd4+ 43. Kg3 Bxg1 44. Rxg1 gxh4+ 45. Kf2 Kg6 46. Ke3 Kg5 47.
Rb2 f2 48. Rxf2 Rxf2 49. Kxf2 Kf4 50. g5 e3+ 51. Ke1 Bb3  0-1

[Event "Campeonato Estadual Absoluto do Rio de Janeiro 2022"]
[Site "TTC R Conde de Bomfim 451 Salao de Xadrez"]
[Date "2022.07.24"]
[Round "3"]
[Board "6"]
[White "Okamura, Milton Kasuo"]
[Black "Chaves, Jorge Antonio Torres"]
[Result "0-1"]
[WhiteElo "1993"]
[BlackElo "1830"]
[PlyCount "70"]
[EventDate "2022.07.23"]
[EventRounds "6"]
[EventCountry "BRA"]

1. d4 d5 2. c4 c6 3. Nf3 e6 4. e3 Bd6 5. Nc3 f5 6. Be2 Nf6 7. O-O O-O 8. Qc2
Qe8 9. a3 Ne4 10. b4 Nd7 11. Bb2 Qg6 12. b5 Qh6 13. bxc6 bxc6 14. cxd5 exd5 15.
Na4 f4 16. exf4 Bxf4 17. Bc1 Ng5 18. Bxf4 Nxf3+ 19. Bxf3 Rxf4 20. Rfd1 Nb6 21.
Nb2 Bd7 22. Qc3 Raf8 23. Rd3 Nc8 24. Re1 Qg6 25. Kh1 Nd6 26. Ree3 Nf5 27. Re1
Nh4 28. Rg1 R4f6 29. Na4 Bf5 30. Re3 Qh6 31. Bd1 Bd7 32. f3 Nf5 33. f4 Nxe3 34.
Qxe3 Qxf4 35. Qd2 Qxd2  0-1

[Event "Campeonato Estadual Absoluto do Rio de Janeiro 2022"]
[Site "TTC R Conde de Bomfim 451 Salao de Xadrez"]
[Date "2022.07.24"]
[Round "3"]
[Board "7"]
[White "De Oliveira, Sergio Patricio"]
[Black "Manzi, Luiz Antonio Bardaro"]
[Result "1/2-1/2"]
[WhiteElo "1556"]
[BlackElo "1992"]
[PlyCount "102"]
[EventDate "2022.07.23"]
[EventRounds "6"]
[EventCountry "BRA"]

1. d4 Nf6 2. c4 e6 3. Bg5 d5 4. Nc3 Be7 5. e3 O-O 6. Nf3 Nbd7 7. Bd3 c6 8. O-O
a6 9. Qc2 h6 10. Bh4 b5 11. cxb5 cxb5 12. Rac1 Bb7 13. Qb3 Ne4 14. Bxe7 Qxe7
15. Bxe4 dxe4 16. Nd2 Nf6 17. a3 e5 18. dxe5 Qxe5 19. Rfd1 Ng4 20. Nf1 Qf5 21.
Rc2 Rad8 22. Rcd2 Rxd2 23. Rxd2 Nf6 24. Ng3 Qc5 25. Rd4 h5 26. h3 Re8 27. a4 h4
28. Nge2 Bc6 29. axb5 axb5 30. Qd1 g5 31. b4 Qe5 32. Rd8 g4 33. Rxe8+ Bxe8 34.
Qd4 Qf5 35. hxg4 Nxg4 36. Nxe4 Bc6 37. Qd8+ Kg7 38. Qg5+ Qg6 39. Qxg6+ fxg6 40.
N2c3 Ne5 41. Nd6 Nd3 42. Ndxb5 Nxb4 43. Nd4 Bd7 44. Ne4 Nd3 45. Ng5 Kf6 46. f4
Bg4 47. Ndf3 Nxf4 48. exf4 Kf5 49. Nxh4+ Kxf4 50. Nf7 Kg3 51. Nxg6 Bf3  1/2-1/2

[Event "Campeonato Estadual Absoluto do Rio de Janeiro 2022"]
[Site "TTC R Conde de Bomfim 451 Salao de Xadrez"]
[Date "2022.07.24"]
[Round "3"]
[Board "8"]
[White "Guimaraes, Sergio Murilo Soares"]
[Black "Lima, Stefan Moisei Vieira"]
[Result "1-0"]
[WhiteElo "1800"]
[BlackElo "1917"]
[PlyCount "82"]
[EventDate "2022.07.23"]
[EventRounds "6"]
[EventCountry "BRA"]

1. Nf3 Nf6 2. c4 c5 3. Nc3 Nc6 4. d4 cxd4 5. Nxd4 g6 6. Nxc6 bxc6 7. e4 d6 8.
Bd2 Bg7 9. Rc1 O-O 10. Be2 e5 11. O-O Be6 12. b3 d5 13. cxd5 cxd5 14. exd5 Nxd5
15. Nxd5 Bxd5 16. Bb4 Re8 17. Bc4 Bb7 18. Qxd8 Rexd8 19. Rcd1 e4 20. Be7 Rd4
21. Bc5 Rdd8 22. Be3 Be5 23. g3 Kg7 24. a4 f5 25. Bg5 Bf6 26. Be3 g5 27. Rxd8
Rxd8 28. Bxa7 f4 29. Bb6 Rd2 30. Re1 Bc3 31. Bf1 Rb2 32. Rc1 Rxb3 33. a5 Kg6
34. Rd1 h5 35. Rc1 Ra3 36. Rb1 Bc8 37. Rc1 h4 38. gxh4 gxh4 39. Bc7 f3 40. Bf4
Kf5 41. Be3 Ke6  1-0

[Event "Campeonato Estadual Absoluto do Rio de Janeiro 2022"]
[Site "TTC R Conde de Bomfim 451 Salao de Xadrez"]
[Date "2022.07.24"]
[Round "3"]
[Board "9"]
[White "Garcia, Julio Cesar De Paiva"]
[Black "Dos Santos, Gilvan Nobrega"]
[Result "1-0"]
[WhiteElo "2124"]
[BlackElo "1926"]
[PlyCount "179"]
[EventDate "2022.07.23"]
[EventRounds "6"]
[EventCountry "BRA"]

1. Nf3 d5 2. d4 Nf6 3. c4 c6 4. Qc2 Bg4 5. Ne5 Bh5 6. g3 e6 7. Bg2 Nbd7 8. O-O
Nxe5 9. dxe5 Nd7 10. f4 Bg6 11. Qb3 Qb6+ 12. Be3 Bc5 13. Qxb6 axb6 14. Bxc5
Bxb1 15. Ba3 Bg6 16. cxd5 exd5 17. Bd6 Bf5 18. Bf3 h5 19. Kg2 Nc5 20. h3 Be4
21. b4 Bxf3+ 22. exf3 Na4 23. e6 fxe6 24. Be5 Kf7 25. Rab1 Rhd8 26. Rfd1 Rd7
27. Rd2 Rad8 28. g4 c5 29. bxc5 bxc5 30. Rb5 b6 31. Kf2 d4 32. Ke1 hxg4 33.
hxg4 Rh8 34. Rf2 Rb7 35. g5 Rh1+ 36. Kd2 Ra1 37. g6+ Kxg6 38. Rg2+ Kh7 39. Kd3
Re1 40. Kd2 Rh1 41. Kd3 Rh3 42. Rf2 Nc3 43. Rb3 Nd1 44. Rd2 Rxf3+ 45. Kc4 Rxb3
46. axb3 Ne3+ 47. Kb5 Nd5 48. Kc6 Re7 49. b4 cxb4 50. Rxd4 Kg6 51. Kd6 Kf7 52.
Rd3 Nf6 53. Kc6 g6 54. Kxb6 Rd7 55. Rh3 Rd5 56. Kc6 Rd1 57. Rb3 Nd5 58. Kb5 Re1
59. Rh3 Nf6 60. Kxb4 Nh5 61. Rf3 Rc1 62. Kb3 Ke7 63. Rf2 Kf7 64. Kb2 Rc6 65.
Kb3 Nf6 66. Ra2 Rb6+ 67. Kc4 Rb7 68. Rh2 Nh5 69. Kc5 Ra7 70. Rb2 Rd7 71. Kc6
Ra7 72. Rb3 Nf6 73. Rh3 Nh5 74. Rb3 Ra6+ 75. Kc5 Ra7 76. Kc6 Ra6+ 77. Kc5 Ra7
78. Kc6 Ng7 79. Rh3 Kg8 80. Kd6 Ra6+ 81. Ke7 Ra7+ 82. Kf6 Rf7+ 83. Kxg6 Rb7 84.
Rh7 Kf8 85. Bxg7+ Ke8 86. Be5 Rb1 87. Kf6 Rg1 88. Kxe6 Rg8 89. Ra7 Rg6+ 90. Bf6
 1-0

[Event "Campeonato Estadual Absoluto do Rio de Janeiro 2022"]
[Site "TTC R Conde de Bomfim 451 Salao de Xadrez"]
[Date "2022.07.24"]
[Round "3"]
[Board "10"]
[White "Santos Filho, Tadeu Sousa"]
[Black "Silva, Marcelo Dos Santos"]
[Result "1-0"]
[WhiteElo "2015"]
[BlackElo "1921"]
[PlyCount "85"]
[EventDate "2022.07.23"]
[EventRounds "6"]
[EventCountry "BRA"]

1. e4 c5 2. Nf3 d6 3. Nc3 Nf6 4. Bc4 Nc6 5. d3 g6 6. h3 Bg7 7. O-O O-O 8. a3
Be6 9. Rb1 Qc8 10. Ng5 Bxc4 11. dxc4 h6 12. Nf3 Qe6 13. Nd2 Nd4 14. Re1 Rac8
15. b3 Nd7 16. Nd5 Nb8 17. c3 Ndc6 18. Nf3 Qd7 19. Qc2 Na6 20. Be3 e6 21. Nf4
Qe7 22. Qd2 Nc7 23. Ne2 Kh7 24. Nh2 Ne8 25. Ng3 Nf6 26. Ng4 Nxg4 27. hxg4 Ne5
28. f3 f5 29. exf5 gxf5 30. gxf5 exf5 31. Bf4 Qh4 32. Ne2 Rcd8 33. Bg3 Qh5 34.
Rbd1 Rg8 35. Kf2 Bf6 36. Rh1 Qg6 37. Rh3 Bg5 38. Bf4 Nf7 39. Rdh1 Rde8 40. Rg3
Kg7 41. Bxg5 Nxg5 42. Nf4 Ne4+ 43. fxe4  1-0

[Event "Campeonato Estadual Absoluto do Rio de Janeiro 2022"]
[Site "TTC R Conde de Bomfim 451 Salao de Xadrez"]
[Date "2022.07.24"]
[Round "3"]
[Board "11"]
[White "Bastos, Gabriel Andrade"]
[Black "Campos, Alexandre Ferreira"]
[Result "0-1"]
[WhiteElo "1818"]
[BlackElo "2054"]
[PlyCount "124"]
[EventDate "2022.07.23"]
[EventRounds "6"]
[EventCountry "BRA"]

1. d4 Nf6 2. c4 e6 3. Nf3 b6 4. Bg5 Bb7 5. Nc3 Be7 6. e3 d6 7. Bd3 Nbd7 8. O-O
O-O 9. e4 h6 10. Bd2 e5 11. d5 Nc5 12. Bc2 a5 13. Ne1 Qd7 14. f4 exf4 15. Bxf4
Nh7 16. Nf3 Rae8 17. e5 Ba6 18. Nd4 dxe5 19. Bf5 Qd6 20. Ncb5 Bxb5 21. Nxb5 Qd8
22. Bxe5 Bd6 23. Nxd6 Rxe5 24. Bxh7+ Kxh7 25. Nxf7 Rxf7 26. Rxf7 Kg8 27. Rf2
Ne4 28. Re2 Re8 29. Qd3 Nc5 30. Rxe8+ Qxe8 31. Qf3 Qe5 32. Qc3 Qg5 33. Re1 Qg6
34. Qg3 Qf6 35. Qe5 Qh4 36. g3 Qxc4 37. Qf4 Qxd5 38. Qe5 Qxa2 39. Qf5 Qf7 40.
Rf1 Qe7 41. Qc8+ Kh7 42. Qf5+ Kg8 43. Qd5+ Qe6 44. Qxe6+ Nxe6 45. Rc1 Kf7 46.
Kf2 Ke7 47. Ke3 c5 48. Ke4 Kd6 49. Rd1+ Nd4 50. Rf1 a4 51. Rf7 Ne6 52. Ra7 c4
53. Ra8 b5 54. Ra6+ Ke7 55. Rb6 Nc7 56. Kd4 c3 57. bxc3 a3 58. Rb7 Kd6 59. Ra7
b4 60. Ra5 b3 61. Kd3 a2 62. c4 b2  0-1

[Event "Campeonato Estadual Absoluto do Rio de Janeiro 2022"]
[Site "TTC R Conde de Bomfim 451 Salao de Xadrez"]
[Date "2022.07.24"]
[Round "3"]
[Board "12"]
[White "Carvalho, Carlos Alberto"]
[Black "Baeta, Marcio Netto"]
[Result "1/2-1/2"]
[WhiteElo "1977"]
[BlackElo "1825"]
[PlyCount "69"]
[EventDate "2022.07.23"]
[EventRounds "6"]
[EventCountry "BRA"]

1. d4 Nf6 2. Bg5 d5 3. Nd2 Nbd7 4. f4 h6 5. Bh4 c6 6. e3 Qb6 7. Rb1 e6 8. Bd3
c5 9. c3 c4 10. Bc2 Be7 11. Ngf3 Ng4 12. Qe2 Qd8 13. Bxe7 Qxe7 14. h3 Ngf6 15.
g4 b5 16. Ne5 Bb7 17. Qf3 g5 18. f5 Nxe5 19. dxe5 d4 20. e4 dxc3 21. bxc3 Nd7
22. Nxc4 bxc4 23. Rxb7 O-O-O 24. Rxa7 Nxe5 25. Qf2 Nf3+ 26. Kf1 Nd2+ 27. Kg2
Qd6 28. Ra8+ Kd7 29. Rxd8+ Rxd8 30. fxe6+ fxe6 31. Qf7+ Kc8 32. Rd1 Rf8 33. Qa7
Qf4 34. Qc5+ Kb7 35. Qb5+  1/2-1/2

[Event "Campeonato Estadual Absoluto do Rio de Janeiro 2022"]
[Site "TTC R Conde de Bomfim 451 Salao de Xadrez"]
[Date "2022.07.24"]
[Round "3"]
[Board "13"]
[White "Madeu, Fernando Antonio De B."]
[Black "Reboredo, Maximiano Goncalves"]
[Result "1-0"]
[WhiteElo "1871"]
[BlackElo "1964"]
[PlyCount "91"]
[EventDate "2022.07.23"]
[EventRounds "6"]
[EventCountry "BRA"]

1. e4 c5 2. Nf3 Nc6 3. d4 cxd4 4. Nxd4 Nf6 5. Nc3 a6 6. Nxc6 bxc6 7. e5 Ng8 8.
Bc4 e6 9. O-O Bc5 10. Qg4 g6 11. Ne4 Be7 12. Be3 f5 13. exf6 Nxf6 14. Nxf6+
Bxf6 15. Rad1 d5 16. Bd3 Qe7 17. Rfe1 e5 18. Qa4 Bb7 19. Bd4 O-O 20. Qa5 Rfe8
21. Bc5 Qg7 22. c3 e4 23. Bf1 Be5 24. Bd4 Qf6 25. Qb6 Bc8 26. Bxe5 Rxe5 27. c4
Bg4 28. Rd2 Rf8 29. cxd5 Rxd5 30. Bc4 Be6 31. Bxd5 cxd5 32. Qd4 Qg5 33. Qe3 Qf6
34. f3 Bd7 35. fxe4 Bb5 36. Rf2 Qd6 37. Rxf8+ Kxf8 38. exd5 Qxd5 39. Qe7+ Kg8
40. Qe6+ Qxe6 41. Rxe6 Bc4 42. Rb6 Kg7 43. b3 Bb5 44. Kf2 h5 45. Ke3 Kh6 46. h3
 1-0

[Event "Campeonato Estadual Absoluto do Rio de Janeiro 2022"]
[Site "TTC R Conde de Bomfim 451 Salao de Xadrez"]
[Date "2022.07.24"]
[Round "4"]
[Board "1"]
[White "Rangel, Daniel"]
[Black "Fernandes, Felipe Gambini"]
[Result "1-0"]
[WhiteElo "2189"]
[BlackElo "1792"]
[PlyCount "75"]
[EventDate "2022.07.23"]
[EventRounds "6"]
[EventCountry "BRA"]

1. c4 c5 2. g3 g6 3. Bg2 Bg7 4. Nc3 Nf6 5. e4 Nc6 6. Nge2 O-O 7. O-O d6 8. d3
e5 9. f4 Nd4 10. fxe5 dxe5 11. h3 Bd7 12. Kh2 Rb8 13. a4 b6 14. Nxd4 cxd4 15.
Ne2 Be6 16. Ng1 Nd7 17. Nf3 f6 18. b4 a5 19. Bd2 Qc7 20. Qe2 axb4 21. Bxb4 Nc5
22. Rfb1 Rfc8 23. g4 g5 24. Qc2 Bf8 25. Nd2 Ra8 26. Bf3 Ra6 27. Bd1 Rca8 28.
Bxc5 Bxc5 29. Nf1 Bd7 30. Qf2 Kf7 31. Ng3 Qd6 32. Nh5 Qe6 33. Rb2 Kg6 34. Rba2
Bb4 35. Bb3 Bc5 36. Rf1 Be7 37. c5 Qxb3 38. Qxf6+  1-0

[Event "Campeonato Estadual Absoluto do Rio de Janeiro 2022"]
[Site "TTC R Conde de Bomfim 451 Salao de Xadrez"]
[Date "2022.07.24"]
[Round "4"]
[Board "2"]
[White "Soares, Joao Carlos T. C."]
[Black "Guimaraes, Wagner Peixoto"]
[Result "1/2-1/2"]
[WhiteElo "2101"]
[BlackElo "2195"]
[PlyCount "74"]
[EventDate "2022.07.23"]
[EventRounds "6"]
[EventCountry "BRA"]

1. d4 Nf6 2. c4 g6 3. Nf3 Bg7 4. Nc3 d5 5. Bf4 dxc4 6. e4 Bg4 7. Bxc4 O-O 8.
Be3 c6 9. O-O b5 10. Bd3 a6 11. h3 Bxf3 12. Qxf3 e5 13. dxe5 Nfd7 14. Rfd1 Nxe5
15. Qe2 Qe7 16. f4 Ned7 17. Qf3 Nc5 18. e5 f6 19. Ne4 Nxe4 20. Bxe4 fxe5 21.
Rac1 Qh4 22. g3 Qxh3 23. Bc5 Nd7 24. Bxf8 Rxf8 25. Rxc6 Nf6 26. Qg2 Qh6 27. Rf1
Ng4 28. Qh1 exf4 29. Qxh6 Bxh6 30. Rxa6 Ne3 31. Rf3 fxg3 32. Rxf8+ Bxf8 33. a4
bxa4 34. Rxa4 Nd1 35. Ra6 Nxb2 36. Bxg6 hxg6 37. Rxg6+ Bg7  1/2-1/2

[Event "Campeonato Estadual Absoluto do Rio de Janeiro 2022"]
[Site "TTC R Conde de Bomfim 451 Salao de Xadrez"]
[Date "2022.07.24"]
[Round "4"]
[Board "3"]
[White "Damasceno, Enzo De Carvalho"]
[Black "Mascarenhas, Alberto Pinheiro"]
[Result "1/2-1/2"]
[WhiteElo "1914"]
[BlackElo "2175"]
[PlyCount "40"]
[EventDate "2022.07.23"]
[EventRounds "6"]
[EventCountry "BRA"]

1. c4 e5 2. Nc3 Bb4 3. Nf3 Bxc3 4. dxc3 d6 5. g3 Nf6 6. Bg2 O-O 7. O-O Nc6 8.
Bg5 h6 9. Bxf6 Qxf6 10. Ne1 Be6 11. b3 Bf5 12. e4 Be6 13. Nc2 g5 14. Ne3 Ne7
15. Qh5 Qg6 16. Bf3 a5 17. Qxg6+ fxg6 18. Bg4 Bxg4 19. Nxg4 h5 20. Ne3 b6
 1/2-1/2

[Event "Campeonato Estadual Absoluto do Rio de Janeiro 2022"]
[Site "TTC R Conde de Bomfim 451 Salao de Xadrez"]
[Date "2022.07.24"]
[Round "4"]
[Board "4"]
[White "Ramos, Angelo Bil"]
[Black "Dias, Matheus Braga"]
[Result "1/2-1/2"]
[WhiteElo "1996"]
[BlackElo "1851"]
[PlyCount "116"]
[EventDate "2022.07.23"]
[EventRounds "6"]
[EventCountry "BRA"]

1. d4 Nf6 2. c4 g6 3. Nc3 d5 4. cxd5 Nxd5 5. e4 Nxc3 6. bxc3 c5 7. Be3 Bg7 8.
Qd2 Qa5 9. Rc1 O-O 10. Nf3 Bg4 11. d5 Bxf3 12. gxf3 Nd7 13. c4 Qd8 14. Be2 Re8
15. h4 h5 16. f4 e6 17. e5 Rc8 18. Bf3 exd5 19. cxd5 b5 20. Kf1 a5 21. e6 fxe6
22. dxe6 Nb6 23. Qxd8 Rcxd8 24. Rxc5 Bd4 25. Bxd4 Rxd4 26. f5 gxf5 27. Rxf5
Rxe6 28. Rg1+ Kh7 29. Rxh5+ Rh6 30. Rxb5 Rb4 31. Rxb4 axb4 32. h5 Rf6 33. Be4+
Kh6 34. Rg6+ Rxg6 35. hxg6 Na4 36. Bc2 Nc3 37. Bb3 Kxg6 38. Kg2 Kg5 39. Kf3 Kf5
40. Ke3 Ke5 41. f3 Kf5 42. f4 Kf6 43. Kf3 Nb5 44. Kg4 Nd4 45. Ba4 Ne2 46. Bb5
Nc3 47. Bc4 Ne4 48. f5 Nc3 49. Be6 Nb1 50. Kf4 Nc3 51. Bc4 Nb1 52. Bb3 Nc3 53.
Be6 Nb1 54. Ke3 Nc3 55. Kd4 Nxa2 56. Kc4 Nc3 57. Kxb4 Ne2 58. Kc4 Ng3  1/2-1/2

[Event "Campeonato Estadual Absoluto do Rio de Janeiro 2022"]
[Site "TTC R Conde de Bomfim 451 Salao de Xadrez"]
[Date "2022.07.24"]
[Round "4"]
[Board "5"]
[White "Chaves, Jorge Antonio Torres"]
[Black "Guimaraes, Sergio Murilo Soares"]
[Result "0-1"]
[WhiteElo "1830"]
[BlackElo "1800"]
[PlyCount "138"]
[EventDate "2022.07.23"]
[EventRounds "6"]
[EventCountry "BRA"]

1. d4 g6 2. Nf3 Nf6 3. Bg5 Bg7 4. Nbd2 d5 5. e3 c6 6. Bd3 Nbd7 7. c3 Qc7 8. Bf4
Qb6 9. b4 a5 10. a3 O-O 11. O-O Nh5 12. Qe2 Re8 13. Be5 f6 14. Bg3 e5 15. dxe5
Nxg3 16. hxg3 Nxe5 17. Nxe5 Rxe5 18. Nb3 axb4 19. axb4 Rxa1 20. Rxa1 f5 21. Ra8
Re8 22. Qc2 Bd7 23. Ra2 Be6 24. Nc5 Bf7 25. Ra3 Rd8 26. Nb3 Bf8 27. Nd4 Rc8 28.
Rb3 Ra8 29. Rb1 Qa7 30. g4 fxg4 31. Qe2 Qa3 32. Qxg4 Qxc3 33. Bf1 Bg7 34. Ne2
Qc2 35. Rc1 Qf5 36. Qxf5 gxf5 37. Nd4 Bxd4 38. exd4 Be6 39. b5 Bd7 40. bxc6
bxc6 41. g3 Ra4 42. Rd1 Kf7 43. Kg2 Kf6 44. Kf3 Kg5 45. Ke3 Ra3+ 46. Bd3 Bc8
47. f4+ Kg6 48. Kf2 Ra2+ 49. Kg1 Kh5 50. Re1 Kg4 51. Re3 Ba6 52. Bxa6 Rxa6 53.
Rc3 Ra2 54. Kf1 Rd2 55. Rxc6 Kxg3 56. Rh6 Rxd4 57. Rxh7 Re4 58. Rd7 d4 59. Rd5
Kxf4 60. Kf2 Kg4 61. Rd8 Rf4+ 62. Ke2 Kg3 63. Kd3 Kg2 64. Rg8+ Rg4 65. Rf8 f4
66. Ke2 f3+ 67. Kd2 f2 68. Ke2 f1=Q+ 69. Rxf1 d3+  0-1